000
00307nam a22001337a 4500
008
171024b xxu||||| |||| 00| 0 eng d
020
_a
9780070241176
041
_a
eng
080
_2
6 ED
_a
311
100
_a
55
101
_a
STA
245
_a
STATISTICAL QUALITY CONTROL
_c
GRANT.E.L
942
_2
udc
_c
BK
999
_c
35794
_d
35794